Normal view
MARC view
- PMP EXAM PREP UPDATED.PMI
Entry Topical Term
001 - CONTROL NUMBER
- control field: 61013
003 - CONTROL NUMBER IDENTIFIER
- control field: NUST
005 - DATE AND TIME OF LATEST TRANSACTION
- control field: 20210628202654.0
008 - FIXED-LENGTH DATA ELEMENTS
- fixed length control field: 210628|| aca||aabn | a|a d
040 ## - CATALOGING SOURCE
- Original cataloging agency: NUST
- Transcribing agency: NUST
150 ## - HEADING--TOPICAL TERM
- Topical term or geographic name entry element: PMP EXAM PREP UPDATED.PMI
670 ## - SOURCE DATA FOUND
- Source citation: Work cat.: (NUST): Mulcahy, Rita 61012, Pmp exam prep updated ,accelerated learning to pass pmi's pmp exam, 2013
